C-Letter Subdivisions of Africa - Statistics

General Stats
  • This quiz has been taken 15 times
    5 since last reset
  • The average score is 23 of 44
Answer Stats
Country Subdivision Type Answer % Correct
Egypt Governorate Cairo
100%
Botswana District Central
100%
Ghana Region Central
100%
Malawi Region Central
100%
Zambia Province Central
100%
Spain Community Canary Islands
75%
Sudan State Central Darfur
75%
Togo Region Centrale
75%
Gambia City Central River
75%
Burkina Faso Region Centre
75%
Cameroon Region Centre
75%
Burkina Faso Region Centre-Est
75%
Burkina Faso Region Centre-Nord
75%
Burkina Faso Region Centre-Ouest
75%
Burkina Faso Region Centre-Sud
75%
Spain City Ceuta
75%
Guinea Region Conakry
75%
Angola Province Cabinda
50%
Guinea-Bissau Region Cacheu
50%
Morocco Region Casablanca-Settat
50%
Seychelles District Cascade
50%
Burkina Faso Region Cascades
50%
South Sudan State Central Equatoria
50%
Ethiopia Region Central Ethiopia
50%
Equatorial Guinea Province Centro Sur
50%
Chad Province Chari-Baguirmi
50%
Algeria Province Chlef
50%
Botswana District Chobe
50%
Zambia Province Copperbelt
50%
Angola Province Cuando
50%
Mozambique Province Cabo Delgado
25%
São Tomé and Príncipe District Cantagalo
25%
São Tomé and Príncipe District Caué
25%
Benin Department Collines
25%
Algeria Province Constantine
25%
Angola Province Cuanza Norte
25%
Angola Province Cuanza Sul
25%
Angola Province Cubango
25%
Angola Province Cunene
25%
Republic of the Congo Department Cuvette
25%
Republic of the Congo Department Cuvette-Ouest
25%
Côte d'Ivoire Autonomous District Comoé
0%
Republic of the Congo Department Congo-Oubangui
0%
Nigeria State Cross River
0%
No matching quizzes found
Score Distribution
Percent of People with Each Score
Percentile by Number Answered
Your Score History
You have not taken this quiz since the last reset